000 00617nam a2200181Ia 4500
008 151018s9999 xx 000 0 und d
082 _bRBASDV24825
_a891.463
100 _aउत्तम बंडू तुपे
245 _aमाती आणि माणस
250 _b1
260 _bउत्कर्ष प्रकाशन पुणे
_c1993
300 _a125
600 _aउत्तम बंडू तुपे
630 _aमाती आणि माणस
700 _aउत्तम बंडू तुपे
730 _aमाती आणि माणस
942 _cBOOK
999 _c1024453
_d1024450